Introducción a la moderna gramática española / José Escarpanter (Registro nro. 406)
[ vista simple ]
| 000 -LEADER | |
|---|---|
| fixed length control field | 00521nam a22002051a 4500 |
| 001 - CONTROL NUMBER | |
| control field | 406 |
| 003 - CONTROL NUMBER IDENTIFIER | |
| control field | OSt |
| 005 - DATE AND TIME OF LATEST TRANSACTION | |
| control field | 20260204211651.0 |
| 008 - FIXED-LENGTH DATA ELEMENTS--GENERAL INFORMATION | |
| fixed length control field | 031127s1992||||sp ||||||b||||||||||spa|| |
| 020 ## - NUMERO DE LIBRO INTERNACIONAL NORMALIZADO | |
| International Standard Book Number | 9580411492 |
| 050 ## - LIBRARY OF CONGRESS CALL NUMBER | |
| Classification number | 415 E14i |
| 082 ## - DEWEY DECIMAL CLASSIFICATION NUMBER | |
| Classification number | 415 E14i |
| 100 ## - ASIENTO PRINCIPAL -- NOMBRE PERSONAL | |
| Personal name | Escarpanter, José |
| 245 ## - TÍTULO PROPIAMENTE DICHO: SUBTÍTULO | |
| Title | Introducción a la moderna gramática española / José Escarpanter |
| 264 ## - PRODUCTION, PUBLICATION, DISTRIBUTION, MANUFACTURE, AND COPYRIGHT NOTICE | |
| Place of production, publication, distribution, manufacture | España : Norma |
| 300 ## - PHYSICAL DESCRIPTION | |
| Extensión | 265 p. |
| 500 ## - GENERAL NOTE | |
| General note | Incluye indice |
| 650 ## - ASIENTO SECUNDARIO DE MATERIA -- TERMINO TEMÁTICO | |
| Termino Temático Como Elemento de Entrada | 1.Gramática - Lengua EspañolaÌ |
| 942 ## - ADDED ENTRY ELEMENTS (KOHA) | |
| Source of classification or shelving scheme | Dewey Decimal Classification |
| Koha item type | Libros |
| Withdrawn status | Lost status | Source of classification or shelving scheme | Damaged status | Not for loan | Current library | Date acquired | Total Checkouts | Full call number | Barcode | Date last seen | Price effective from | Koha item type |
|---|---|---|---|---|---|---|---|---|---|---|---|---|
| Dewey Decimal Classification | Biblioteca UTECO | 09/09/2019 | 415 E14I | 001858 | 09/09/2019 | 09/09/2019 | Libros |
